00707nam a2200229 a 450000100060000000300080000600500170001400800410003102000320007203500190010404000270012304100080015008200220015810000320018024500650021226000570027730000350033450400520036965000220042170000180044383000160046162944BD-RjUL20211209081138.0170125s1999 caua b 001 0 eng  a0764551043 (acidfree paper) a(BD-RjUL)63072 aDLCcDLCdBD-RjULbeng aeng00a709223bHOA 19991 aHoving, Thomas,d1931-2009.10aArt for dummies /cThomas Hoving ; foreword by Andrew Wyeth. aFoster City, CA :bIDG Books Worldwide, Inc.,c1999. axxiv, 382 p. :bill. ;c24 cm. aIncludes bibliographical references and index. 0aArt appreciation. aWyeth, Andrew aFor dummies